[Event "Huelva"]
[Site "Huelva"]
[Date "2023.07.17"]
[Round "2"]
[White "Rasti, Arvin"]
[Black "Espinosa Veloz, Ermes"]
[Result "0-1"]
[WhiteElo "2324"]
[BlackElo "2498"]
[PlyCount "78"]
[EventDate "2023.07.17"]
[EventType "tourn"]
[EventRounds "9"]
[EventCountry "ESP"]
[EventCategory "4"]
[SourceTitle "CBM 215 Extra"]
[Source "ChessBase"]
[SourceDate "2023.09.30"]
[SourceVersion "1"]
[SourceVersionDate "2023.09.30"]
[SourceQuality "1"]

1. d4 Nf6 2. Nf3 g6 3. g3 Bg7 4. c4 0-0 5. Bg2 d6 6. Nc3 Nbd7 7. 0-0 e5 8. e4 exd4 9. Nxd4 Nc5 10. h3 Re8 11. Re1 Bd7 12. f3 c6 13. Be3 Qc7 14. Qd2 Rad8 15. Rad1 a5 16. Bf2 Qb8 17. f4 b5 18. e5 dxe5 19. fxe5 b4 20. Nb1 Nfe4 21. Bxe4 Nxe4 22. Rxe4 Bf5 23. Ree1 c5 24. Nxf5 Rxd2 25. Nxd2 gxf5 26. Nb3 Rxe5 27. Rxe5 Bxe5 28. Rd5 Bxg3 29. Bxc5 Bh4 30. Bd6 Qe8 31. Re5 Qd8 32. Rd5 Qg5+ 33. Kf1 Qe3 34. Bc5 Qxh3+ 35. Ke2 Qg2+ 36. Kd3 Qf1+ 37. Kd4 Bf6+ 38. Ke3 Bg5+ 39. Kd4 Qg1+ 0-1

[Event "Forni di Sopra op 14th"]
[Site "Forni di Sopra"]
[Date "2023.06.14"]
[Round "6"]
[White "Bettalli, Francesco"]
[Black "Rasti, Arvin"]
[Result "0-1"]
[WhiteElo "2270"]
[BlackElo "2263"]
[PlyCount "54"]
[EventDate "2023.06.10"]
[EventType "swiss"]
[EventRounds "9"]
[EventCountry "ITA"]
[SourceTitle "CBM 214 Extra"]
[Source "ChessBase"]
[SourceDate "2023.07.31"]
[SourceVersion "1"]
[SourceVersionDate "2023.07.31"]
[SourceQuality "1"]

1. d4 Nf6 2. c4 g6 3. Nc3 Bg7 4. e4 d6 5. Nf3 Bg4 6. Be2 0-0 7. Be3 Nfd7 8. Ng1 Bxe2 9. Ngxe2 a6 10. Qd2 c5 11. f3 Nc6 12. 0-0 Qa5 13. a3 cxd4 14. Nxd4 Rfc8 15. Rfc1 Nxd4 16. Bxd4 Rxc4 17. Bxg7 Kxg7 18. b4 Qb6+ 19. Kf1 Rac8 20. Nd5 Qb5 21. Kf2 Rxc1 22. Rxc1 Rxc1 23. Qxc1 Ne5 24. Qc3 e6 25. Ne3 Qc6 26. Qd4 Qc1 27. Qxd6 Qxe3+ 0-1

[Event "Forni di Sopra op 14th"]
[Site "Forni di Sopra"]
[Date "2023.06.12"]
[Round "4"]
[White "Rasti, Arvin"]
[Black "Nevednichy, Vladislav"]
[Result "1/2-1/2"]
[WhiteElo "2263"]
[BlackElo "2448"]
[PlyCount "64"]
[EventDate "2023.06.10"]
[EventType "swiss"]
[EventRounds "9"]
[EventCountry "ITA"]
[SourceTitle "CBM 214 Extra"]
[Source "ChessBase"]
[SourceDate "2023.07.31"]
[SourceVersion "1"]
[SourceVersionDate "2023.07.31"]
[SourceQuality "1"]

1. d4 Nf6 2. Nf3 g6 3. c4 Bg7 4. g3 0-0 5. Bg2 d6 6. 0-0 c6 7. Nc3 Qa5 8. e4 e5 9. h3 Nbd7 10. Qc2 exd4 11. Nxd4 Qc5 12. Nce2 Re8 13. Be3 Qe5 14. Nc3 Qe7 15. Rae1 Nb6 16. b3 c5 17. Nde2 Bd7 18. Nf4 Bc6 19. Ncd5 Nbxd5 20. exd5 Bd7 21. Bd2 Qf8 22. Bc3 Rxe1 23. Rxe1 Re8 24. Rxe8 Nxe8 25. Bf1 Qe7 26. Qe2 Qd8 27. Qb2 a6 28. h4 Bh6 29. Bd2 Bg7 30. Bc3 Bh6 31. Bd2 Bg7 32. Bc3 Bh6 1/2-1/2

[Event "Norrkoeping Easter op"]
[Site "Norrkoeping"]
[Date "2023.04.09"]
[Round "6"]
[White "Rasti, Arvin"]
[Black "Pantzar, Milton"]
[Result "1-0"]
[WhiteElo "2277"]
[BlackElo "2460"]
[PlyCount "69"]
[EventDate "2023.04.07"]
[EventType "swiss"]
[EventRounds "8"]
[EventCountry "SWE"]
[SourceTitle "CBM 213 Extra"]
[Source "ChessBase"]
[SourceDate "2023.05.31"]
[SourceVersion "1"]
[SourceVersionDate "2023.05.31"]
[SourceQuality "1"]

1. e4 c6 2. Nf3 d5 3. Nc3 Bg4 4. h3 Bxf3 5. Qxf3 e6 6. d3 g6 7. Be2 Bg7 8. Qg3 Ne7 9. Bf4 Qb6 10. 0-0 0-0 11. Rab1 Nd7 12. Bc7 Qd4 13. Qd6 dxe4 14. Qxe7 Rac8 15. Qd6 e3 16. Qxd4 Bxd4 17. Bg3 f5 18. fxe3 Bxe3+ 19. Bf2 Bxf2+ 20. Rxf2 Kg7 21. d4 Kf6 22. Bc4 Nb6 23. Bb3 Nd5 24. Re1 Rfe8 25. Rfe2 Nf4 26. Rf2 g5 27. Kh2 Rcd8 28. g3 Nd5 29. Rfe2 h5 30. Bxd5 cxd5 31. Nb5 Re7 32. Nxa7 Ra8 33. Nb5 Rxa2 34. Nc3 Ra5 35. b4 1-0

[Event "Norrkoeping Easter op"]
[Site "Norrkoeping"]
[Date "2023.04.07"]
[Round "1"]
[White "Lilliehook, Victor"]
[Black "Rasti, Arvin"]
[Result "0-1"]
[WhiteElo "1796"]
[BlackElo "2277"]
[PlyCount "126"]
[EventDate "2023.04.07"]
[EventType "swiss"]
[EventRounds "8"]
[EventCountry "SWE"]
[SourceTitle "CBM 213 Extra"]
[Source "ChessBase"]
[SourceDate "2023.05.31"]
[SourceVersion "1"]
[SourceVersionDate "2023.05.31"]
[SourceQuality "1"]

1. e4 c6 2. d4 d5 3. exd5 cxd5 4. c4 Nf6 5. Nc3 g6 6. Nf3 Bg7 7. Bd3 0-0 8. 0-0 Nc6 9. h3 Nb4 10. Be2 dxc4 11. Bxc4 Bf5 12. Bb3 Rc8 13. Be3 Bd3 14. Re1 Ba6 15. Qd2 Nd3 16. Red1 Qa5 17. Ne2 Qxd2 18. Rxd2 Ne4 19. Rad1 Nxd2 20. Rxd2 Rfd8 21. a3 Nc1 22. Nxc1 Rxc1+ 23. Kh2 Bc4 24. Bc2 Bd5 25. Ne5 Rc8 26. Ba4 Rb1 27. Nd3 e6 28. Bc2 Ra1 29. Nb4 Bf8 30. Nxd5 exd5 31. Bb3 Bd6+ 32. g3 Rd8 33. Kg2 Be7 34. Rc2 Bd6 35. Bxd5 Bxg3 36. Bxb7 Bb8 37. Bg5 Re8 38. Bf6 Rae1 39. Ba6 R1e6 40. Bb5 Rf8 41. Bg5 Kg7 42. Bd7 Rb6 43. Be7 Rg8 44. Bc5 Rb7 45. Bc6 Rc7 46. d5 Rcc8 47. b4 Rgd8 48. Be7 Rxd5 49. Rc3 Re5 50. Bh4 a6 51. Bg3 Re6 52. Bxb8 Rcxc6 53. Rd3 Rc8 54. Ba7 Rce8 55. Bd4+ Kg8 56. Be3 h5 57. Kg3 Re4 58. Rd6 Rxe3+ 59. fxe3 Rxe3+ 60. Kh4 Rxa3 61. Rb6 Kg7 62. b5 axb5 63. Rxg6+ fxg6 0-1

[Event "Skara Vastgota op"]
[Site "Skara"]
[Date "2023.02.19"]
[Round "9"]
[White "Poley, Vladimir"]
[Black "Rasti, Arvin"]
[Result "1-0"]
[WhiteElo "2325"]
[BlackElo "2211"]
[PlyCount "89"]
[EventDate "2023.02.18"]
[EventType "swiss"]
[EventRounds "9"]
[EventCountry "SWE"]
[SourceTitle "CBM 212 Extra"]
[Source "ChessBase"]
[SourceDate "2023.03.31"]
[SourceVersion "1"]
[SourceVersionDate "2023.03.31"]
[SourceQuality "1"]

1. Nf3 Nf6 2. c4 g6 3. b4 Bg7 4. Bb2 0-0 5. g3 c6 6. Bg2 d5 7. Na3 a5 8. b5 Be6 9. cxd5 Bxd5 10. 0-0 Nbd7 11. d3 cxb5 12. Nxb5 e5 13. Ba3 Re8 14. Nd6 Re7 15. e4 Bc6 16. Rb1 Rb8 17. Nc4 Re8 18. Bd6 Rc8 19. Ncxe5 Nxe5 20. Bxe5 b5 21. Ba1 b4 22. Re1 Bb5 23. Nd4 Bd7 24. e5 Ng4 25. e6 fxe6 26. Qxg4 e5 27. Qe4 exd4 28. Qd5+ Kh8 29. Bxd4 Bf5 30. Rxe8+ Qxe8 31. Bxg7+ Kxg7 32. Qd4+ Kh6 33. g4 Bd7 34. h4 Qf7 35. Bd5 Qf8 36. Kg2 Bc6 37. Kh3 Bd7 38. Kg3 Qd6+ 39. Qf4+ Qxf4+ 40. Kxf4 Rc2 41. f3 Rd2 42. Re1 Rxd3 43. Re7 Bxg4 44. fxg4 Rd4+ 45. Be4 1-0

[Event "Skara Vastgota op"]
[Site "Skara"]
[Date "2023.02.19"]
[Round "7"]
[White "Rasti, Arvin"]
[Black "Kucuksari, Kaan"]
[Result "0-1"]
[WhiteElo "2211"]
[BlackElo "2507"]
[PlyCount "132"]
[EventDate "2023.02.18"]
[EventType "swiss"]
[EventRounds "9"]
[EventCountry "SWE"]
[SourceTitle "CBM 212 Extra"]
[Source "ChessBase"]
[SourceDate "2023.03.31"]
[SourceVersion "1"]
[SourceVersionDate "2023.03.31"]
[SourceQuality "1"]

1. e4 c5 2. c3 d5 3. exd5 Qxd5 4. d4 g6 5. Nf3 Bg7 6. Na3 cxd4 7. Bc4 Qe4+ 8. Be3 Nh6 9. cxd4 0-0 10. 0-0 Bg4 11. Re1 Bxf3 12. Bxh6 Bxh6 13. Rxe4 Bxd1 14. Rxd1 Bg5 15. Re5 Bf6 16. Rb5 Nc6 17. d5 Nd8 18. Nc2 Be5 19. Ne3 a6 20. Rb6 Bc7 21. Rb3 b5 22. Be2 Bd6 23. a4 bxa4 24. Rb6 Bc7 25. Rxa6 Nb7 26. Rc1 Be5 27. Rc2 Nd6 28. Rac6 Rfb8 29. Nd1 Ra5 30. Ra6 Rxd5 31. Rxa4 Nf5 32. Rac4 Nd4 33. Rc8+ Kg7 34. Rxb8 Bxb8 35. Nc3 Ra5 36. Rc1 Be5 37. Bf1 Ra8 38. Re1 Bd6 39. h3 Rb8 40. Rd1 Be5 41. Rd2 f5 42. Nd5 e6 43. f4 Bd6 44. b4 Nb3 45. Rd3 Nc1 46. Rd1 exd5 47. Rxc1 Bxf4 48. Rd1 Be3+ 49. Kh2 Rxb4 50. Rxd5 Rb1 51. Bc4 Bf4+ 52. g3 Rb2+ 53. Kg1 Bxg3 54. Rd7+ Kh6 55. Bg8 f4 56. Rxh7+ Kg5 57. Bd5 Rd2 58. Bf3 Rf2 59. Bd5 Rd2 60. Bf3 Bf2+ 61. Kf1 Be3 62. Be4 f3 63. Bxf3 Rf2+ 64. Ke1 Rxf3 65. Ke2 Rg3 66. h4+ Kg4 0-1

[Event "Vaxjo op"]
[Site "Vaxjo"]
[Date "2023.02.11"]
[Round "5"]
[White "Rasti, Arvin"]
[Black "Berg, Roy"]
[Result "1-0"]
[WhiteElo "2211"]
[BlackElo "1948"]
[PlyCount "127"]
[EventDate "2023.02.10"]
[EventType "swiss"]
[EventRounds "8"]
[EventCountry "SWE"]
[SourceTitle "CBM 212 Extra"]
[Source "ChessBase"]
[SourceDate "2023.03.31"]
[SourceVersion "1"]
[SourceVersionDate "2023.03.31"]
[SourceQuality "1"]

1. e4 c6 2. Nf3 d5 3. Nc3 Bg4 4. h3 Bxf3 5. Qxf3 e6 6. g3 Nf6 7. Bg2 dxe4 8. Nxe4 Be7 9. Qb3 Qb6 10. Qxb6 axb6 11. 0-0 Nbd7 12. d3 0-0 13. Bg5 Rfe8 14. Nxf6+ Bxf6 15. Bxf6 Nxf6 16. Rfe1 Red8 17. f4 Kf8 18. Kf2 Rd7 19. a3 b5 20. Rad1 Rad8 21. Bf3 h6 22. Ke2 Ke7 23. c3 Kd6 24. d4 Kc7 25. Kf2 Nd5 26. Be4 Nb6 27. Rc1 Re7 28. Re2 Rdd7 29. Rce1 Rd8 30. Bb1 Rde8 31. g4 Kd6 32. h4 f6 33. Bg6 Rf8 34. Kg3 Nd5 35. Bc2 Rfe8 36. a4 bxa4 37. c4 Nb4 38. Bxa4 Ra8 39. Bb3 Rae8 40. Ra1 e5 41. c5+ Kc7 42. dxe5 fxe5 43. f5 Nd5 44. Rd1 Rd8 45. Rde1 Rde8 46. Kf3 Kd7 47. g5 hxg5 48. hxg5 Kc7 49. Re4 Kc8 50. Kg4 Kc7 51. Bc4 Kc8 52. Rd1 Rd8 53. Rd3 Kc7 54. b3 b6 55. cxb6+ Kxb6 56. Rf3 Rf8 57. Rf1 Nc3 58. Ree1 Nd5 59. Rf2 e4 60. Rfe2 Re5 61. Rxe4 Rexf5 62. Re6 R8f7 63. Rc1 Nf4 64. Rxc6+ 1-0

[Event "Vaxjo op"]
[Site "Vaxjo"]
[Date "2023.02.10"]
[Round "3"]
[White "Rasti, Arvin"]
[Black "Abdrlauf, Elham"]
[Result "0-1"]
[WhiteElo "2211"]
[BlackElo "2527"]
[PlyCount "78"]
[EventDate "2023.02.10"]
[EventType "swiss"]
[EventRounds "8"]
[EventCountry "SWE"]
[SourceTitle "CBM 212 Extra"]
[Source "ChessBase"]
[SourceDate "2023.03.31"]
[SourceVersion "1"]
[SourceVersionDate "2023.03.31"]
[SourceQuality "1"]

1. d4 Nf6 2. Nf3 d5 3. c4 e6 4. Bg5 Be7 5. e3 0-0 6. Qc2 Nbd7 7. Nc3 c6 8. Rd1 h6 9. Bh4 b6 10. a3 Ba6 11. Qa4 Bb7 12. Be2 a5 13. Qc2 Rc8 14. 0-0 c5 15. dxc5 Nxc5 16. Bxf6 Bxf6 17. cxd5 exd5 18. Qf5 Bxc3 19. bxc3 Ne4 20. Bd3 Qf6 21. Qxf6 Nxf6 22. Rc1 Ne4 23. Bxe4 dxe4 24. Nd4 Ba6 25. Rfd1 Bd3 26. Rd2 Rc5 27. Rb2 Rfc8 28. Rxb6 Rxc3 29. Rxc3 Rxc3 30. h3 Rxa3 31. Nc6 a4 32. Rb8+ Kh7 33. Ne5 f6 34. Nd7 Ra1+ 35. Kh2 a3 36. Ra8 a2 37. Kg3 Bc4 38. Kf4 Rd1 39. Nf8+ Kg8 0-1

[Event "Uppsala Young Champions 9th"]
[Site "Uppsala"]
[Date "2022.10.29"]
[Round "3"]
[White "Rasti, Arvin"]
[Black "Lilliehook, Victor"]
[Result "1-0"]
[WhiteElo "2292"]
[BlackElo "1683"]
[PlyCount "55"]
[EventDate "2022.10.28"]
[EventType "swiss"]
[EventRounds "9"]
[EventCountry "SWE"]
[SourceTitle "EXT 2024"]
[Source "ChessBase"]
[SourceDate "2023.10.10"]
[SourceVersion "1"]
[SourceVersionDate "2023.10.10"]
[SourceQuality "1"]

1. e4 c5 2. Nf3 d6 3. Bb5+ Bd7 4. c4 e5 5. d3 a6 6. Bxd7+ Qxd7 7. Nc3 Nc6 8. 0-0 g6 9. a3 Nge7 10. Rb1 Rb8 11. b4 cxb4 12. axb4 b5 13. Nd5 Bg7 14. Bg5 Nc8 15. Qd2 Nb6 16. Nf6+ Bxf6 17. Bxf6 Rg8 18. cxb5 axb5 19. Rfc1 Qe6 20. Rxc6 Qxf6 21. Rbc1 Kf8 22. Qh6+ Rg7 23. Ng5 Ke7 24. Rc7+ Nd7 25. Ra1 Rd8 26. Raa7 Rgg8 27. Nxh7 Qe6 28. Qg5+ 1-0

[Event "SWE-ch U20"]
[Site "Uppsala"]
[Date "2022.07.08"]
[Round "7"]
[White "Rasti, Arvin"]
[Black "Soderstrom, Adrian"]
[Result "1/2-1/2"]
[WhiteElo "2136"]
[BlackElo "2292"]
[PlyCount "31"]
[EventDate "2022.07.02"]
[EventType "tourn"]
[EventRounds "9"]
[EventCountry "SWE"]
[SourceTitle "CBM 209 Extra"]
[Source "ChessBase"]
[SourceDate "2022.09.30"]
[SourceVersion "1"]
[SourceVersionDate "2022.09.30"]
[SourceQuality "1"]

1. d4 d5 2. Nf3 Nf6 3. c4 c6 4. Qc2 dxc4 5. e4 b5 6. b3 cxb3 7. axb3 Bg4 8. Be3 Bxf3 9. gxf3 e6 10. Bd3 Bb4+ 11. Ke2 Nh5 12. Nc3 0-0 13. Rhg1 g6 14. Rg4 Kh8 15. Bh6 Re8 16. e5 1/2-1/2

[Event "SWE-ch U20"]
[Site "Uppsala"]
[Date "2022.07.02"]
[Round "1"]
[White "Wernberg, Hugo"]
[Black "Rasti, Arvin"]
[Result "1/2-1/2"]
[WhiteElo "2316"]
[BlackElo "2136"]
[PlyCount "48"]
[EventDate "2022.07.02"]
[EventType "tourn"]
[EventRounds "9"]
[EventCountry "SWE"]
[SourceTitle "CBM 209 Extra"]
[Source "ChessBase"]
[SourceDate "2022.09.30"]
[SourceVersion "1"]
[SourceVersionDate "2022.09.30"]
[SourceQuality "1"]

1. d4 Nf6 2. c4 e6 3. Nc3 Bb4 4. e3 0-0 5. Bd3 d5 6. Nf3 b6 7. 0-0 Ba6 8. cxd5 exd5 9. Bxa6 Nxa6 10. Qd3 Qc8 11. a3 Be7 12. e4 dxe4 13. Nxe4 Nxe4 14. Qxe4 Re8 15. Bf4 Bd6 16. Be5 f6 17. Qd5+ Qe6 18. Qxe6+ Rxe6 19. Bxd6 Rxd6 20. Rfc1 Re8 21. b4 c6 22. g3 Kf7 23. Rc4 Nc7 24. a4 b5 1/2-1/2

[Event "SWE-ch blitz"]
[Site "Helsingborg"]
[Date "2021.11.14"]
[Round "6"]
[White "Jepson, Christian"]
[Black "Rasti, Arvin"]
[Result "1-0"]
[WhiteElo "2412"]
[BlackElo "2054"]
[PlyCount "65"]
[EventDate "2021.11.14"]
[EventType "swiss (blitz)"]
[EventRounds "13"]
[EventCountry "SWE"]
[SourceTitle "EXT 2024"]
[Source "ChessBase"]
[SourceDate "2023.10.10"]
[SourceVersion "1"]
[SourceVersionDate "2023.10.10"]
[SourceQuality "1"]

1. Nf3 Nf6 2. c4 g6 3. Nc3 Bg7 4. e4 d6 5. d4 0-0 6. Be2 Bg4 7. Be3 Nfd7 8. Rc1 e5 9. d5 a5 10. 0-0 Na6 11. b3 Nac5 12. Rb1 b6 13. a3 Nf6 14. Nd2 Bd7 15. Re1 Kh8 16. Qc2 Ng8 17. b4 axb4 18. axb4 Na4 19. Nb5 f5 20. f3 Bxb5 21. cxb5 Ra7 22. Ra1 Qa8 23. Ra3 fxe4 24. fxe4 Bh6 25. Bxh6 Nxh6 26. Rea1 Qd8 27. Rxa4 Rxa4 28. Rxa4 Qg5 29. Ra3 Kg7 30. Rf3 Ra8 31. Nf1 Ng4 32. Qxc7+ Kh6 33. Rh3+ 1-0

[Event "SWE-ch blitz"]
[Site "Helsingborg"]
[Date "2021.11.14"]
[Round "8"]
[White "Kucuksari, Kaan"]
[Black "Rasti, Arvin"]
[Result "1-0"]
[WhiteElo "2301"]
[BlackElo "2054"]
[PlyCount "65"]
[EventDate "2021.11.14"]
[EventType "swiss (blitz)"]
[EventRounds "13"]
[EventCountry "SWE"]
[SourceTitle "EXT 2024"]
[Source "ChessBase"]
[SourceDate "2023.10.10"]
[SourceVersion "1"]
[SourceVersionDate "2023.10.10"]
[SourceQuality "1"]

1. d4 Nf6 2. c4 c5 3. d5 g6 4. Nc3 Bg7 5. e4 d6 6. Nf3 0-0 7. Be2 e6 8. 0-0 exd5 9. exd5 Bg4 10. Nd2 Bxe2 11. Qxe2 Re8 12. Qf3 Nbd7 13. Nde4 Ne5 14. Qe2 Nxe4 15. Nxe4 h6 16. f4 Ng4 17. f5 Nxh2 18. Rf4 gxf5 19. Kxh2 fxe4 20. Rg4 Qf6 21. Be3 Re5 22. Rf1 Rh5+ 23. Kg1 Qe5 24. Bf4 Qd4+ 25. Be3 Qe5 26. Bf4 Qe7 27. Rxg7+ Kxg7 28. Qxh5 Rh8 29. Qg4+ Kf8 30. Qg3 Ke8 31. Bxd6 Qd7 32. Qe5+ Kd8 33. Qxh8+ 1-0

[Event "SWE-ch blitz"]
[Site "Helsingborg"]
[Date "2021.11.14"]
[Round "12"]
[White "Rasti, Arvin"]
[Black "Agovic, Seifo"]
[Result "1-0"]
[WhiteElo "2054"]
[BlackElo "1910"]
[PlyCount "73"]
[EventDate "2021.11.14"]
[EventType "swiss (blitz)"]
[EventRounds "13"]
[EventCountry "SWE"]
[SourceTitle "EXT 2024"]
[Source "ChessBase"]
[SourceDate "2023.10.10"]
[SourceVersion "1"]
[SourceVersionDate "2023.10.10"]
[SourceQuality "1"]

1. d4 Nf6 2. c4 c5 3. d5 e6 4. Nc3 exd5 5. cxd5 d6 6. e4 g6 7. f4 Bg7 8. Bb5+ Nfd7 9. a4 0-0 10. Nf3 Na6 11. 0-0 Nc7 12. Bc4 Nf6 13. h3 Re8 14. Re1 b6 15. e5 Nh5 16. e6 fxe6 17. dxe6 Bxe6 18. Bxe6+ Rxe6 19. Rxe6 Nxe6 20. Qd5 Qe8 21. Ng5 Bd4+ 22. Kh2 Nhg7 23. Bd2 h6 24. Nxe6 Nxe6 25. Re1 Kf7 26. Ne4 Kg7 27. Nxd6 Qd7 28. Qxe6 Qxe6 29. Rxe6 Bxb2 30. f5 gxf5 31. Nxf5+ Kf7 32. Rxh6 Rd8 33. Bf4 Rd5 34. Nd6+ Kg7 35. Re6 Rd4 36. Be5+ Kf8 37. Re8# 1-0